| 000 | 00866cam a2200277 4500 | ||
|---|---|---|---|
| 001 | 11121 | ||
| 003 | BD-RjUL | ||
| 005 | 20211208235056.0 | ||
| 008 | 140126t19711969nyua b 001 0 eng d | ||
| 020 | _a004598008x | ||
| 035 | _a(BD-RjUL)11170 | ||
| 040 |
_aDLC _cDLC _dDLC _d(BD-RjUL) _beng |
||
| 041 | _aeng | ||
| 082 | 0 | 0 |
_223 _a597.9 _bMIV 1971 |
| 100 | 1 |
_aMinton, Sherman A. _934396 |
|
| 245 | 1 | 0 |
_aVenomous reptiles / _cSherman A. Minton, Jr. and Madge Rutherford Minton. |
| 260 |
_aLondon : _bGeorge Allen & Unwin Ltd, _cc1969 [Publishing 1971]. |
||
| 300 |
_axii, 274 p. : _bill. ; _c22 cm. |
||
| 350 | _a7.95 | ||
| 504 | _aIncludes bibliography and Index | ||
| 650 | 0 |
_aPoisonous snakes. _934397 |
|
| 650 | 0 |
_aPoisonous snakes _xVenom. _934398 |
|
| 700 | 1 |
_aMinton, Madge Rutherford, _ejoint author. _934399 |
|
| 942 |
_2ddc _cBK |
||
| 999 |
_c11121 _d11121 |
||